000 00441nam a2200157Ia 4500
008 210716s2012 xx 000 0 und d
020 _a9788131728604
041 _aeng
082 _a574.88 LEAA
100 _aLeach, Andrew R.
245 _aMolecular modelling: principles and applications.
_bPrinciples and applications.
250 _a2
260 _aNew Delhi
_bPearson Education
_c2012
300 _axxiii,744
650 _aBiology(574)
999 _c193144
_d193144